Statistics for Countries that Share Islands

Click here to take the quiz!

General Stats

  • This quiz has been taken 37 times
    (13 since last reset)
  • The average score is 24 of 31

Answer Stats

IslandCountries% Correct
HispaniolaDominican Republic
100%
TimorEast Timor
100%
Saint MartinFrance
100%
Haiti
100%
Sebatik IslandIndonesia
100%
New GuineaIndonesia
100%
Indonesia
100%
Indonesia
100%
United Kingdom
100%
United Kingdom
100%
Isla Grande de Tierra del FuegoArgentina
92%
Chile
92%
CyprusCyprus
92%
IrelandIreland
92%
BorneoBrunei
85%
Malaysia
85%
Malaysia
85%
Netherlands
85%
Papua New Guinea
85%
KoiluotoFinland
62%
KatajaFinland
62%
MärketFinland
62%
Russia
62%
Sweden
62%
Sweden
62%
Passport IslandBahrain
46%
Usedom UznamGermany
46%
Saudi Arabia
46%
Poland
38%
Ukraine
23%
K IslandRomania
15%

Score Distribution

Percentile by Number Answered

Percent of People with Each Score

Your Score History

You have not taken this quiz since the last reset